| 000 | 00749cam a22001931 4500 | ||
|---|---|---|---|
| 082 | 0 | 0 |
_a510.3 _bMAT _cL-2, P-64 |
| 100 | 1 |
_aJames, Glenn, _947149 |
|
| 245 | 0 | 0 |
_aMathematics dictionary, _cedited by Glenn James and Robert C. James. Contributors: Armen A. Alchian [and others] Translators: Aaron Bakst (French and Russian) Samuel Gilter (Spanish) Kuno Lorenz (German). |
| 250 | _aMultilingual ed. | ||
| 260 |
_aPrinceton, N.J., _bVan Nostrand _c[1959] |
||
| 300 |
_a546 p. _bdiagrs., tables. _c24 cm. |
||
| 500 | _a"Second edition."--Dust jacket. | ||
| 526 |
_a0 _b0 _c0 _d510_300000000000000_MAT |
||
| 650 | 0 | _aMathematics | |
| 650 | 0 |
_aMathematics _xPolyglot. _947150 |
|
| 650 | 0 |
_aMCE _9379 |
|
| 700 | 1 |
_aJames, Robert C. _947151 |
|
| 942 |
_2ddc _cBK |
||
| 999 |
_c550439 _d550439 |
||